01676cam a2200301 i 45000010009000000050017000090080041000260100017000670200027000840200015001110350024001260400061001500410008002111000020002192450117002392500022003562600055003783000056004335040041004895050632005305460022011626500048011846500025012326500030012576500038012877000023013257000026013481840206920180312143028.0160824s2015 enkabd frb 000 0 eng d a 2014959022 a9780198742845 (3a.Ed.) a0198742843 a(OCoLC)ocn915100245 aCO-BoUCM bspacSandra Palacio (modificó)dSaul Niño0 aeng1 aBurrough, P. A.10aPrinciples of geographical information systemscPeter A. Burrough, Rachael A. McDonnell and Christopher D. Lloyd aTercera edición aOxford (Inglaterra)bOxford University Pressc2015 axv, 330 páginasbilustraciones, mapas, gráficas aIncluye referencias bibliográficas0 a1. Geographical information systems and society -- 2. Special data and their models : formal abstractions of reality -- 3. Geographical data in the computer -- 4. Data input and verification -- 5. Visualization -- 6. Exploring geographical data -- 7. Analysis of discrete entities in space -- 8. Interpolation 1 : deterministic and spline-based approaches -- 9. Interpolation 2 : geostatistical approaches -- 10. Analysis of continuous fields -- 11. Digital elevation models -- 12. Space-time modelling and error propagation -- 13. Fuzzy sets and fuzzy geographical objects -- 14. GIS, transformations, and future developments. aTexto en inglés 7aSistema de Información Geográfica. SIG  7aAnálisis de datos  7aGeografía matemática  7aGeología xMétodos gráficos1 aMcDonnell, Rachael1 aLloyd, Christopher D.